000 00441nam a2200169Ia 4500
008 230711s9999||||xx |||||||||||||| ||und||
020 _a978-93-85998-73-7
041 _aENG
082 _a537.623
_bTI-S
100 _aTinkham,Michael
245 0 _aIntroduction to superconductivity
250 _a1st Ed.
260 _c2017
_aNew Delhi
_bMedtech A Division of Scientific International
300 _a295p.
650 _aPhysics
942 _cBK
999 _c6158
_d6158